000 01286nam0a2200325 i 4500
001 RU\NLR\BIBL_A\010863943
005 20241103091725.0
010 _a9785986201122
_9300
021 _aRU
_b2015-71403
_94276
035 _a(NILC)RuMoRGB-008021649
035 _a(NLR Aleph) 010863943
090 _a10435033
_c10435033
100 _a20151019d2014 km y0rusy50 ca
101 0 _arus
102 _aRU
105 _aa|||z||||01yy
200 1 _aТеоретико-методологические основы социологического изучения межкультурной коммуникации
_fР. К. Тангалычева
210 _aСанкт-Петербург
_cСкифия-принт
_d2014
215 _a331 с.
_cил.
_d21
320 _aБиблиогр.: с. 315-331 и в подстроч. примеч.
606 _aМежкультурная коммуникация
_xСоциологические исследования
_92255022
_3RU\NLR\AUTH\6601582672
675 _a316
686 1 _aС550.2
686 1 _aС550.67
700 1 _aТангалычева
_bР. К.
_gРумия Кямильевна
801 0 _aRU
_bРГБ
_c20150915
_gRCR
942 _cBOOK
980 _aNBR